| 000 | 00000nas##2200000za#4500 |
|---|---|
| 001 | 9.504782 |
| 003 | CaOODSP |
| 005 | 20200325083342 |
| 007 | cr ||||||||||| |
| 008 | 150406c2004||||xxc|| m o||||f| |0eng|d |
| 040 | |aCaOODSP|beng |
| 043 | |an-cn--- |
| 086 | 1 |aEn49-18E-PDF |
| 110 | 1 |aCanada. |bEnvironment Canada. |bEnvironmental Protection Service. |
| 245 | 10|aEnvironmental Protection series. [Transportation systems] |h[electronic resource] |
| 260 | |aOttawa - Ontario : |bEnvironment Canada. |
| 775 | 08|tSérie de la protection de l'environnement. [Transports] |w(CaOODSP)9.501189 |